000 00765nam a2200289Ia 4500
005 20260324112938.0
008 008 260324s9999 xx 000 0 eng d
020 _a9781003289043
037 _aEBOOK
040 _aCRL
040 _beng
040 _cCRL
041 _2eng
041 _aeng
084 _qCRL
100 _aCarolyn Leslie; Sandie MourĂ£o
_91144787
245 0 _aResearching Educational Practices, Teacher Education and Professional Development for Early Language Learning
245 0 _bExamples from Europe
260 _bTaylor and Francis
260 _c2024
365 _a
365 _b230
856 _uhttp://www.taylorfrancis.com/books/9781003289043
942 _cEBOOK
999 _c1734186
_d1734186